Normal view
MARC view
- Bokhari, Mansoor.
Entry Personal Name
001 - CONTROL NUMBER
- control field: 1374
003 - CONTROL NUMBER IDENTIFIER
- control field: NUST
005 - DATE AND TIME OF LATEST TRANSACTION
- control field: 20170523150440.0
008 - FIXED-LENGTH DATA ELEMENTS
- fixed length control field: 170523|| aca||aabn | a|a d
040 ## - CATALOGING SOURCE
- Original cataloging agency: NUST
- Transcribing agency: NUST
100 ## - HEADING--PERSONAL NAME
- Personal name: Bokhari, Mansoor.
670 ## - SOURCE DATA FOUND
- Source citation: Work cat.: (NUST)0: District gazetteers of Balochistan :, 1997.
